Advanced biophysics / (Record no. 64508)
[ view plain ]
| 000 -LEADER | |
|---|---|
| fixed length control field | 00537 a2200169 4500 |
| 020 ## - INTERNATIONAL STANDARD BOOK NUMBER | |
| International Standard Book Number | 8176489875 |
| 020 ## - INTERNATIONAL STANDARD BOOK NUMBER | |
| International Standard Book Number | 9788176489874 |
| 082 ## - DEWEY DECIMAL CLASSIFICATION NUMBER | |
| Classification number | 574.191 |
| 090 ## - LOCALLY ASSIGNED LC-TYPE CALL NUMBER (OCLC); LOCAL CALL NUMBER (RLIN) | |
| -- | 807 |
| -- | 807 |
| 100 1# - MAIN ENTRY--PERSONAL NAME | |
| Personal name | Agarwal, S.K. |
| 245 10 - TITLE STATEMENT | |
| Title | Advanced biophysics / |
| Statement of responsibility, etc. | S.K. Agarwal. |
| 260 ## - PUBLICATION, DISTRIBUTION, ETC. | |
| Place of publication, distribution, etc. | [S.l.] : |
| Name of publisher, distributor, etc. | APH Publishing Corporation, |
| Date of publication, distribution, etc. | 2005. |
| 300 ## - PHYSICAL DESCRIPTION | |
| Extent | 1 v. (unpaged) |
| 700 ## - ADDED ENTRY--PERSONAL NAME | |
| Personal name | Agarwal, S.K. |
| 942 ## - ADDED ENTRY ELEMENTS (KOHA) | |
| Institution code [OBSOLETE] | SNS |
| Koha item type | Book |
| Call number prefix | 574.191 AGA |
| Withdrawn status | Lost status | Source of classification or shelving scheme | Damaged status | Not for loan | Permanent Location | Current Location | Shelving location | Date acquired | Total Checkouts | Full call number | Barcode | Date last seen | Price effective from | Koha item type |
|---|---|---|---|---|---|---|---|---|---|---|---|---|---|---|
| Pakistan Navy Engineering College (PNEC) | Pakistan Navy Engineering College (PNEC) | 571.4 AGA | PNECLIB-028325 | 08/24/2015 | Book |
